000 005630000a22001810004500
003 MACL
005 20160226121201.0
008 160226b xxu||||| |||| 00| 0 eng d
040 _aMACL
_cMACL
041 _aHindi
082 _a630
100 _aअशान्‍त रामेश्‍वर
_939718
245 _aआधुनिक कृषि विज्ञान
260 _bदेहाती पुस्‍तक भण्‍डार
_aनई दिल्‍ली
350 _a9
650 _aAgriculture
_940559
942 _cHIN
_k630
_2ddc
999 _c25003
_d25003